Statistiques concernant Personnages Mashle

Cliquez ici pour prendre le quiz!

Statistiques générales

  • Ce quiz a été pris 19 fois
  • Le résultat moyen est 13 sur 55

Statistiques - réponses

Réponse% Correct
Mash
100%
Dot
78%
Lance
72%
Finn
67%
Lemon
61%
Margaret
50%
Rayne
50%
Innocent Zero
39%
Abel
33%
Love
33%
Wahlberg
33%
Abyss
28%
Anna
28%
Cell
28%
Regro
28%
Carpaccio
22%
Claude
22%
Kaldo
22%
Marco
22%
Max
22%
Orter
22%
Renatos
22%
Ryoh
22%
Tom
22%
Wirth
22%
Adam
17%
Brad
17%
Cello
17%
Farman
17%
Jean Pierre
17%
Leblanc
17%
Lloyd
17%
Necros
17%
Olore
17%
Silva
17%
Sitter Baby
17%
Swayne
17%
Terry
17%
Tsurara
17%
Agito
11%
Anser
11%
Aorio
11%
Bless
11%
Dolb
11%
Lauren
11%
Malta
11%
Milo
11%
Moore
11%
Pon
11%
Rhodes
11%
Sophina
11%
Tron
11%
Egalt
6%
Alan
0%
Marvina
0%

Distribution des résultats

Percentile par nombre de réponses

% des personnes avec chaque résultat

Votre développement - résultats

Vous n’avez pas pris ce quiz